Kapitál, podnikatelský záměr a privatizační projekty.
Kapitál potrebný pre realizáciu podnikateľského zámeru musí mať určitú minimálnu veľkosť, ktorá je podmienkou fungovania výrobného procesu. Kritická veľkosť kapitálu je kľúčovou otázkou každého privatizačného projektu. Určenie podmienok, ktoré musí kapitál spĺňať. Význam synergických efektov pre nák...
Gespeichert in:
| 1. Verfasser: | |
|---|---|
| Format: | Buchkapitel |
| Sprache: | Tschechisch |
| Schlagworte: | |
| Tags: |
Keine Tags, Fügen Sie das erste Tag hinzu!
|
MARC
| LEADER | 00000naa a2200000 4500 | ||
|---|---|---|---|
| 001 | r009307 | ||
| 005 | 20220831084515.3 | ||
| 041 | 0 | |a cze | |
| 044 | |a [CS] | ||
| 245 | 1 | 0 | |a Kapitál, podnikatelský záměr a privatizační projekty. |c Bedřich Kocan |
| 520 | |a Kapitál potrebný pre realizáciu podnikateľského zámeru musí mať určitú minimálnu veľkosť, ktorá je podmienkou fungovania výrobného procesu. Kritická veľkosť kapitálu je kľúčovou otázkou každého privatizačného projektu. Určenie podmienok, ktoré musí kapitál spĺňať. Význam synergických efektov pre náklady. Odpoveď na otázku, ako určiť kritické množstvo kapitálu. | ||
| 610 | 2 | 0 | |a kapitál |
| 610 | 2 | 0 | |a podnikanie |
| 610 | 2 | 0 | |a privatizácia |
| 610 | 2 | 0 | |a projekty |
| 100 | 1 | |a Kocan, Bedřich | |